Con người và môi trường Giáo trình đào tạo cử nhân giáo dục mầm non

Trình bày các mối quan hệ tương tác giữa cơ thể và môi trường, quần thể sinh vật, quần xã sinh vật, hệ sinh thái, sinh quyển và một số môi trường sống chính, bảo vệ tài nguyên thiên nhiên và môi trường, dân số và những vấn đề chung về giáo dục môi trường....

Full beskrivning

Sparad:
Bibliografiska uppgifter
Huvudupphovsman: Lê Thanh Vân
Materialtyp: Bok
Språk:Vietnamese
Publicerad: H. Đại học Sư phạm 2015
Upplaga:Tái bản lần thứ mười sáu
Ämnen:
Taggar: Lägg till en tagg
Inga taggar, Lägg till första taggen!
Thư viện lưu trữ: Mạng thư viện Đại học Đà Nẵng
LEADER 01530nam a2200349 4500
001 000024248
003 20734
005 20161109101133.0
008 161101s2015 viesd
020 |c 34000đ 
041 0 |a vie 
082 1 4 |a 372.357  |b LÊ-V 
100 1 |a Lê Thanh Vân 
245 1 0 |a Con người và môi trường  |b Giáo trình đào tạo cử nhân giáo dục mầm non  |c Lê Thanh Vân 
250 |a Tái bản lần thứ mười sáu 
260 |a H.  |b Đại học Sư phạm  |c 2015 
300 |a 135 tr.  |b hình vẽ, bảng  |c 24 cm. 
504 |a Thư mục: tr. 140 
520 3 |a Trình bày các mối quan hệ tương tác giữa cơ thể và môi trường, quần thể sinh vật, quần xã sinh vật, hệ sinh thái, sinh quyển và một số môi trường sống chính, bảo vệ tài nguyên thiên nhiên và môi trường, dân số và những vấn đề chung về giáo dục môi trường. 
650 0 4 |a Môi trường  |v Giáo trình  |x Giáo dục mầm non 
653 |a Môi trường 
653 |a Sinh thái 
OWN |a LSP 
AVA |a UDN50  |b LSP  |d 372.357 LÊ-V  |e available  |t Error 5001 Not defined in file expand_doc_bib_avail.  |f 5  |g 0  |h N  |i 2  |k 1 
999 |a From the UDN01 
AVA |a UDN50  |b LSP  |d 372.357 LÊ-V  |e available  |t Error 5001 Not defined in file expand_doc_bib_avail.  |f 5  |g 0  |h N  |i 2  |k 1 
TYP |a Monograph 
TYP |a Printed language 
980 |a Mạng thư viện Đại học Đà Nẵng